000
00338nam a2200145Ia 4500
005
20251222141826.0
008
251222s9999||||xx |||||||||||||| ||spa||
020
_a
9789606930942
082
_a
451/C75B1/I
100
_a
Colombo, Federica
245
0
_a
Arrivederci! 3:
250
_a
1ra.ed.
264
_b
Edizioni Edilingua
942
_c
LIB
999
_c
6967
_d
6967